Statistiques concernant Pays de l'Italien vers le Français

Cliquez ici pour prendre le quiz!

Statistiques générales

  • Ce quiz a été pris 103 fois
  • Le résultat moyen est 20 sur 20

Statistiques - réponses

HintRéponse% Correct
AfghanistanAfghanistan
100%
SudafricaAfrique du Sud
100%
AlbaniaAlbanie
100%
AlgeriaAlgérie
100%
GermaniaAllemagne
100%
AndorraAndorre
100%
AngolaAngola
100%
Arabia SauditaArabie Saoudite
100%
ArgentinaArgentine
100%
ArmeniaArménie
100%
AustraliaAustralie
100%
AustriaAutriche
100%
AzerbaigianAzerbaïdjan
100%
BahamasBahamas
100%
BahreïnBahreïn
100%
BangladeshBangladesh
100%
BarbadosBarbade
100%
BelizeBélize
100%
BeninBénin
100%
BhutanBhoutan
100%
BielorussiaBiélorussie
100%
BirmaniaBirmanie
100%
Bosnia ed HerzegovinaBosnie-Herzégovine
100%
BrasileBrésil
100%
BruneiBrunei
100%
BulgariaBulgarie
100%
Burkina FasoBurkina Faso
100%
CambogiaCambodge
100%
CamerunCameroun
100%
Capo VerdeCap-Vert
100%
CileChili
100%
CinaChine
100%
CiproChypre
100%
Corea del SudCorée du Sud
100%
Costa RicaCosta Rica
100%
Costa d'AvorioCôte d'Ivoire
100%
CroaziaCroatie
100%
CubaCuba
100%
DanimarcaDanemark
100%
GibutiDjibouti
100%
DominicaDominique
100%
EgittoÉgypte
100%
Emirati Arabi UnitiÉmirats arabes unis
100%
EcuadorÉquateur
100%
EritreaÉrythrée
100%
EstoniaEstonie
100%
EtiopiaÉthiopie
100%
FigiFidji
100%
FranciaFrance
100%
GabonGabon
100%
GambiaGambie
100%
GeorgiaGéorgie
100%
GhanaGhana
100%
GreciaGrèce
100%
GrenadeGrenade
100%
GuatemalaGuatemala
100%
GuineaGuinée
100%
Guinea EquatorialeGuinée Équatoriale
100%
GuyanaGuyana
100%
HaitiHaïti
100%
HondurasHonduras
100%
MauritiusÎle Maurice
100%
Isole MarshallÎles Marshall
100%
IndonesiaIndonésie
100%
IraqIrak
100%
IrlandaIrlande
100%
IslandaIslande
100%
IsraeleIsraël
100%
ItaliaItalie
100%
GiamaicaJamaïque
100%
GiapponeJapon
100%
GiordaniaJordanie
100%
KazakistanKazakhstan
100%
KenyaKenya
100%
KiribatiKiribati
100%
LaosLaos
100%
LettoniaLettonie
100%
LibanoLiban
100%
LiberiaLibéria
100%
LiechtensteinLiechtenstein
100%
LituaniaLituanie
100%
LussemburgoLuxembourg
100%
Macedonia del NordMacédoine du Nord
100%
MadagascarMadagascar
100%
MalaysiaMalaisie
100%
MaliMali
100%
MaltaMalte
100%
MaroccoMaroc
100%
MauritaniaMauritanie
100%
MessicoMéxique
100%
MicronesiaMicronésie
100%
MonacoMonaco
100%
MongoliaMongolie
100%
MontenegroMonténégro
100%
MozambicoMozambique
100%
NamibiaNamibie
100%
NauruNauru
100%
NepalNépal
100%
NicaraguaNicaragua
100%
NigerNiger
100%
NigeriaNigéria
100%
Nuova ZelandaNouvelle-Zélande
100%
OmanOman
100%
UgandaOuganda
100%
UzbekistanOuzbékistan
100%
PakistanPakistan
100%
PalauPalaos
100%
PanamaPanama
100%
Papua Nuova GuineaPapouasie-Nouvelle-Guinée
100%
ParaguayParaguay
100%
Paesi BassiPays-Bas
100%
PerùPérou
100%
FilippinePhilippines
100%
PoloniaPologne
100%
PortogalloPortugal
100%
R.D del CongoR.D. Congo
100%
Rep. del CongoRep. du Congo
100%
Republica CentrafricanaRépublique centrafricaine
100%
Republica DominicanaRépublique dominicaine
100%
Republica CecaRépublique Tchèque
100%
RomaniaRoumanie
100%
Regno UnitoRoyaume-Uni
100%
RussiaRussie
100%
RuandaRwanda
100%
Saint LuciaSainte-Lucie
100%
San MarinoSaint-Marin
100%
Saint Vincent e GrenadineSaint-Vincent-et-les-Grenadines
100%
Isole SalomoneSalomon
100%
El SalvadorSalvador
100%
SamoaSamoa
100%
Sao Tomé e PrincipeSao Tomé-et-Principe
100%
SenegalSénégal
100%
SerbiaSerbie
100%
SeychellesSeychelles
100%
SingaporeSingapour
100%
SlovacchiaSlovaquie
100%
SloveniaSlovénie
100%
SomaliaSomalie
100%
SudanSoudan
100%
Sudan del SudSoudan du Sud
100%
Sri LankaSri Lanka
100%
SveziaSuède
100%
SvizzeraSuisse
100%
SurinameSuriname
100%
SiriaSyrie
100%
TaïwanTaïwan
100%
CiadTchad
100%
ThailandiaThaïlande
100%
Timor EstTimor oriental
100%
TogoTogo
100%
TongaTonga
100%
TunisiaTunisie
100%
TurkmenistanTurkménistan
100%
TurchiaTurquie
100%
TuvaluTuvalu
100%
UcrainaUkraine
100%
VanuatuVanuatu
100%
Città del VaticanoVatican
100%
VenezuelaVenezuela
100%
VietnamViêt Nam
100%
ZambiaZambie
100%
ZimbabweZimbabwe
100%
Antigua e BarbudaAntigua-et-Barbuda
75%
TagikistanTadjikistan
67%
BelgioBelgique
0%
BoliviaBolivie
0%
BotswanaBotswana
0%
BurundiBurundi
0%
CanadaCanada
0%
ColombiaColombie
0%
ComoreComores
0%
Corea del NordCorée du Nord
0%
SpagnaEspagne
0%
EswatiniEswatini
0%
Stati UnitiÉtats-Unis
0%
FinlandiaFinlande
0%
Guinea-BissauGuinée-Bissau
0%
UngheriaHongrie
0%
IndiaInde
0%
IranIran
0%
KirghizistanKirghizistan
0%
KosovoKosovo
0%
KuwaitKoweït
0%
LesothoLesotho
0%
LibiaLibye
0%
MalawiMalawi
0%
MaldiveMaldives
0%
MoldaviaMoldavie
0%
NorvegiaNorvège
0%
QatarQatar
0%
Saint Kitts e NevisSaint-Christophe-et-Nièvès
0%
Sierra LeoneSierra Leone
0%
TanzaniaTanzanie
0%
Trinidad e TobagoTrinité-et-Tobago
0%
UruguayUruguay
0%
YemenYémen
0%

Distribution des résultats

Percentile par nombre de réponses

% des personnes avec chaque résultat

Votre développement - résultats

Vous n’avez pas pris ce quiz